Widok standardowy
Widok MARC
Pozycja Personal Name
Liczba rekordów, w których użyto hasła: 2
001 - Numer kontrolny
- control field: 39694
003 - Identyfikator numeru kontrolnego
- control field: NUKAT
005 - Data i czas ostatniej modyfikacji
- control field: 20260408195538.0
008 - Dane kontrolne kodowane (40 znaków)
- fixed length control field: 971125n||a|znnaabn |a aaa |c
010 ## - Numer kontrolny Biblioteki Kongresu
- numer kontrolny LC: n 97019158
024 7# - OTHER STANDARD IDENTIFIER
- Standard number or code: 10765446
- Source of number or code: viaf
024 7# - OTHER STANDARD IDENTIFIER
- Standard number or code: 0000000080904990
- Source of number or code: isni
024 7# - OTHER STANDARD IDENTIFIER
- Standard number or code: Q9312254
- Source of number or code: wikidata
040 ## - Instytucja sporządzająca rekord
- inst. przygot. dane do rek. khw: WR U/ms
- język haseł przedmiotowych/tezaurus: kaba
- inst. wprow. rek. khw: WR U/ms
- inst. modyf. rek. khw: LUBL U/MGas
- inst. modyf. rek. khw: KR 7/BZ
100 1# - Hasło - nazwa osobowa
- nazwa osobowa w formie ujednoliconej: Dyboski, Roman
- daty biograficzne: (1883-1945).
400 1# - Trop zob. - nazwa osobowa
- nazwa osobowa (nazwisko, imiona): Dyboski, R.
670 ## - Źródło informacji
- źródło informacji: PseudPP. - 1994-
670 ## - Źródło informacji
- źródło informacji: LP. - 1987
670 ## - Źródło informacji
- źródło informacji: Kp. Wielcy pisarze amerykańscy / Roman Dyboski. - Warszawa, 1958
670 ## - Źródło informacji
- źródło informacji: Kp. Duchowe warunki poprawy gospodarczej / R. Dyboski. - Kraków, 1932.